Skocznie narciarskie znajdujące się na terenie Norwegii - Statystyki

Ogólne statystyki
  • Ten quiz został rozwiązany 52 razy
  • Średni wynik to 5 z 15
Statystyki odpowiedzi
% Poprawnych
Oslo
98%
Vikersund
96%
Trondheim
94%
Lillehammer
89%
Tromso
47%
Rena
43%
Notodden
13%
Baerum
11%
Mo i Rana
11%
Molde
9%
Vaaler
9%
Raufoss
6%
Stryn
6%
Bardu
4%
Raelingen
4%
Nie znaleziono quizów pasujących do podanych kryteriów
Rozkład punktacji
Procent ludzi z każdym wynikiem
Percentyl według liczby udzielonych odpowiedzi
Twoja historia wyników
Nie rozwiązałeś tego quizu